[Event "Dortmund FSV op"]
[Site "Dortmund"]
[Date "2006.04.06"]
[Round "8"]
[White "Herrmann, Rudolf"]
[Black "Potthast, Holger"]
[Result "1/2-1/2"]
[WhiteElo "1331"]
[BlackElo "1424"]
[PlyCount "35"]
[EventDate "2006.01.19"]
[EventType "swiss"]
[EventRounds "9"]
[EventCountry "GER"]
[SourceTitle "EXT 2007"]
[Source "ChessBase"]
[SourceDate "2006.11.23"]
[SourceVersion "1"]
[SourceVersionDate "2006.11.23"]
[SourceQuality "1"]

1. d4 d5 2. Nf3 Bg4 3. e3 Nf6 4. h3 Bh5 5. c4 e6 6. Nc3 c5 7. Qa4+ Qd7 8. Qxd7+ Nbxd7 9. Ne5 cxd4 10. exd4 dxc4 11. Bxc4 a6 12. 0-0 Be7 13. Re1 0-0 14. g4 Bg6 15. Nxg6 hxg6 16. Bf4 b5 17. Bb3 Rad8 18. Kg2 1/2-1/2

[Event "Dortmund FSV op"]
[Site "Dortmund"]
[Date "2006.03.02"]
[Round "6"]
[White "Dite, Alexander"]
[Black "Potthast, Holger"]
[Result "1-0"]
[WhiteElo "1300"]
[BlackElo "1424"]
[PlyCount "57"]
[EventDate "2006.01.19"]
[EventType "swiss"]
[EventRounds "9"]
[EventCountry "GER"]
[SourceTitle "EXT 2007"]
[Source "ChessBase"]
[SourceDate "2006.11.23"]
[SourceVersion "1"]
[SourceVersionDate "2006.11.23"]
[SourceQuality "1"]

1. d4 d5 2. c4 e6 3. Nc3 Nf6 4. Bg5 dxc4 5. e4 Be7 6. Bxc4 b6 7. Nf3 0-0 8. 0-0 Bb7 9. Re1 Nbd7 10. Qd3 h6 11. Bh4 Nh7 12. Bxe7 Qxe7 13. Rac1 Rad8 14. Bb3 Ng5 15. Nxg5 Qxg5 16. Nb5 Nc5 17. Qe3 Nxe4 18. Qxg5 Nxg5 19. Rxc7 Ba6 20. Nc3 Rxd4 21. Rxa7 Bd3 22. Rb7 Rd6 23. Na4 Ba6 24. Rxb6 Rxb6 25. Nxb6 Rb8 26. Na4 Rd8 27. Rd1 Rxd1+ 28. Bxd1 Bd3 29. Nc5 1-0

[Event "Dortmund FSV op"]
[Site "Dortmund"]
[Date "2006.01.26"]
[Round "2"]
[White "Marienfeld, Udo"]
[Black "Potthast, Holger"]
[Result "1/2-1/2"]
[WhiteElo "1220"]
[BlackElo "1424"]
[PlyCount "55"]
[EventDate "2006.01.19"]
[EventType "swiss"]
[EventRounds "9"]
[EventCountry "GER"]
[SourceTitle "EXT 2007"]
[Source "ChessBase"]
[SourceDate "2006.11.23"]
[SourceVersion "1"]
[SourceVersionDate "2006.11.23"]
[SourceQuality "1"]

1. e4 d5 2. exd5 Qxd5 3. Nc3 Qa5 4. d4 c6 5. Bd2 Nf6 6. Nf3 Bg4 7. h3 Qh5 8. Be2 e6 9. Ne5 Bxe2 10. Qxe2 Qxe2+ 11. Nxe2 Nbd7 12. Nxd7 Nxd7 13. Bf4 0-0-0 14. 0-0 Nf6 15. c3 h6 16. Rfe1 g5 17. Be5 Be7 18. Ng3 Rhg8 19. Ne4 Nxe4 20. Rxe4 h5 21. Bh2 g4 22. hxg4 hxg4 23. Rae1 Rg6 24. R1e3 Rh8 25. f4 Bh4 26. g3 Bd8 27. Re2 Kd7 28. Rf2 1/2-1/2